000 00762nam a22002297a 4500
001 48759
003 BD-RjUL
005 20211209054600.0
008 160816s1968 bg ||||| |||| 00| 0 ben d
020 _c : TK 3.50
035 _a(BD-RjUL)48878
040 _aBD-RjUL
_bben
_cBD-RjUL
041 _aben
082 _223
_a891.4403
_bBHE 1968
100 1 _aভট্ট্যাচার্য, অজয়
_9147085
245 1 0 _aএ ঘর-ও ঘর /
_cঅজয় ভট্ট্যাচার্য
260 _aঢাকা
_bএম আবদুল হক,
_c১৯৬৮
300 _a[২], ১৩০ পৃ. ;
_c২২ সেমি.
650 _aবাংলা উপন্যাস
_9147086
650 _aBengali Fiction
_9147087
942 _2ddc
_cBK
999 _c48759
_d48759